আন্তর্জাতিক আইনের মূল দলিল / (Record no. 38232)
[ view plain ]
| 000 -LEADER | |
|---|---|
| fixed length control field | 00758nam a2200217 a 4500 |
| 001 - CONTROL NUMBER | |
| control field | 38232 |
| 003 - CONTROL NUMBER IDENTIFIER | |
| rucl marc code | BD-RjUL |
| 005 - DATE AND TIME OF LATEST TRANSACTION | |
| control field | 20211209052744.0 |
| 008 - FIXED-LENGTH DATA ELEMENTS--GENERAL INFORMATION | |
| fixed length control field | 151012s1977 bg ||||| |||| 00| 0 ben d |
| 035 ## - SYSTEM CONTROL NUMBER | |
| System control number | (BD-RjUL)38337 |
| 040 ## - CATALOGING SOURCE | |
| Original cataloging agency | BD-RjUL |
| Language of cataloging | ben |
| Transcribing agency | BD-RjUL |
| 041 ## - LANGUAGE CODE | |
| Language code of text/sound track or separate title | ben |
| 082 ## - DEWEY DECIMAL CLASSIFICATION NUMBER | |
| Edition number | 23 |
| Classification number | 341 |
| Author mark and year | HAA 1977 |
| 100 ## - MAIN ENTRY--PERSONAL NAME | |
| Personal name | হক, আবুল ফজল |
| 9 (RLIN) | 118217 |
| 245 ## - TITLE STATEMENT | |
| Title | আন্তর্জাতিক আইনের মূল দলিল / |
| Statement of responsibility, etc. | আবুল ফজল হক |
| 260 ## - PUBLICATION, DISTRIBUTION, ETC. (IMPRINT) | |
| Place of publication, distribution, etc. | ঢাকা : |
| Name of publisher, distributor, etc. | বাংলা একাডেমী, |
| Date of publication, distribution, etc. | ১৯৭৭. |
| 300 ## - PHYSICAL DESCRIPTION | |
| Pagination | ৪৭৮ পৃ. ; |
| Size | ২১ সেমি. |
| 650 ## - SUBJECT ADDED ENTRY--TOPICAL TERM | |
| Topical term or geographic name as entry element | আন্তর্জাতিক আইন |
| 9 (RLIN) | 118218 |
| Topical term or geographic name as entry element | International law. |
| 9 (RLIN) | 117885 |
| 942 ## - ADDED ENTRY ELEMENTS (KOHA) | |
| Source of classification or shelving scheme | Dewey Decimal Classification |
| Koha item type | Books |
| Lost status | Source of classification or shelving scheme | Damaged status | Not for loan | Collection code | Permanent Location | Current Location | Shelving location | Date acquired | Source of acquisition | Total Checkouts | Full call number | Date last seen | Date checked out | Copy number | Koha item type |
|---|---|---|---|---|---|---|---|---|---|---|---|---|---|---|---|
| Dewey Decimal Classification | Non-fiction | Central Library, University of Rajshahi | Central Library, University of Rajshahi | 03/09/1992 | বাংলা একাডেমী, ঢাকা | 5 | B 341 HAA 1977 | 25/11/2024 | 10/11/2024 | C-2 | Books |